Pharmaceutical-Analysis-1 (Record no. 8853)
[ view plain ]
| 000 -LEADER | |
|---|---|
| fixed length control field | 00372nam a22001457a 4500 |
| 003 - CONTROL NUMBER IDENTIFIER | |
| control field | OSt |
| 008 - FIXED-LENGTH DATA ELEMENTS--GENERAL INFORMATION | |
| fixed length control field | 200713b ||||| |||| 00| 0 eng d |
| 100 ## - MAIN ENTRY--PERSONAL NAME | |
| Personal name | Kamboj , P.C |
| 245 ## - TITLE STATEMENT | |
| Title | Pharmaceutical-Analysis-1 |
| 250 ## - EDITION STATEMENT | |
| Edition statement | 2019 |
| 260 ## - PUBLICATION, DISTRIBUTION, ETC. (IMPRINT) | |
| Place of publication, distribution, etc | N Delhi |
| Name of publisher, distributor, etc | Vallabh Prakashan |
| Date of publication, distribution, etc | 2019 |
| 300 ## - PHYSICAL DESCRIPTION | |
| Extent | 706 |
| 650 ## - SUBJECT ADDED ENTRY--TOPICAL TERM | |
| Topical term or geographic name as entry element | Pharmaceutical Analysis and Quality Assurance |
| 942 ## - ADDED ENTRY ELEMENTS (KOHA) | |
| Source of classification or shelving scheme | Dewey Decimal Classification |
| Koha item type | Text Books |
| 942 ## - ADDED ENTRY ELEMENTS (KOHA) | |
| -- | 2 |
| Withdrawn status | Lost status | Source of classification or shelving scheme | Damaged status | Not for loan | Collection code | Home library | Current library | Date acquired | Source of acquisition | Currency | Cost, normal purchase price | Bill Number | Total Checkouts | Full call number | Acc. no. / Barcode | Date last seen | Date last borrowed | Actual Cost, discounted price | Bill Date | Koha item type |
|---|---|---|---|---|---|---|---|---|---|---|---|---|---|---|---|---|---|---|---|---|
| Dewey Decimal Classification | B.Pharma | PIET C-LIBRARY | PIET C-LIBRARY | 11/02/2020 | Kirti Prakashan | Indian Rup | 420.00 | IN6378 | 1 | 615.1901 KAP | BP1302 | 21/12/2023 | 07/12/2023 | 340.20 | 11/02/2020 | Text Books | ||||
| Dewey Decimal Classification | B.Pharma | PIET C-LIBRARY | PIET C-LIBRARY | 11/02/2020 | Kirti Prakashan | Indian Rup | 420.00 | IN6378 | 1 | 615.1901 KAP | BP1303 | 15/03/2021 | 08/03/2021 | 340.20 | 11/02/2020 | Reference Books | ||||
| Dewey Decimal Classification | B.Pharma | PIET C-LIBRARY | PIET C-LIBRARY | 11/02/2020 | Kirti Prakashan | Indian Rup | 420.00 | IN6378 | 1 | 615.1901 KAP | BP1304 | 03/12/2021 | 15/11/2021 | 340.20 | 11/02/2020 | Text Books |